Pattern recognition and image analysis : 4th Iberian conference, IbPRIA 2009, Póvoa de Varzim, Portugal, June 10-12, 2009 : proceedings /

Bibliographic Details
Corporate Authors: IbPRIA (Conference) Póvoa de Varzim, Portugal), SpringerLink (Online service)
Other Authors: Araujo, Helder
Format: Conference Proceeding eBook
Language:English
Published: Berlin : Springer-Verlag, [2009]
Series:Lecture notes in computer science ; 5524.
Subjects:
Online Access:Connect to the full text of this electronic book

MARC

Tag First Indicator Second Indicator Subfields
LEADER 00000cam a2200000Ia 4500
001 in00002547653
005 20210727090229.0
006 m d
007 cr cn|
008 090824s2009 gw a sb 101 0 eng d
020 |a 3642021727 
020 |a 9783642021725 
029 1 |a NZ1  |b 13059982 
035 |a (OCoLC)432712408 
035 |a (OCoLC)ocn432712408 
035 |a 3649776 
037 |a 978-3-642-02171-8  |b Springer  |n http://www.springerlink.com 
040 |a GW5XE  |b eng  |c GW5XE  |d UtOrBLW 
049 |a TXAC 
050 1 4 |a TA1650  |b .I27 2009 
082 0 4 |a 006.4/2  |2 22 
111 2 |a IbPRIA (Conference)  |n (4th :  |d 2009 :  |c Póvoa de Varzim, Portugal)  |0 http://id.loc.gov/authorities/names/no2009130648 
245 1 0 |a Pattern recognition and image analysis :  |b 4th Iberian conference, IbPRIA 2009, Póvoa de Varzim, Portugal, June 10-12, 2009 : proceedings /  |c Helder Araujo [and others], (eds.). 
264 1 |a Berlin :  |b Springer-Verlag,  |c [2009] 
264 4 |c ©2009 
300 |a xvi, 514 pages :  |b illustrations ;  |c 24 cm. 
336 |a text  |b txt  |2 rdacontent 
337 |a computer  |b c  |2 rdamedia 
338 |a online resource  |b cr  |2 rdacarrier 
490 1 |a Lecture notes in computer science ;  |v 5524 
500 |a Electronic resource. 
504 |a Includes bibliographical references and index. 
533 |a Electronic reproduction.  |b New York :  |c Springer,  |d 2009.  |n Mode of access: World Wide Web.  |n System requirements: Web browser.  |n Title from title screen (viewed on Aug. 7, 2009).  |n Access may be restricted to users at subscribing institutions. 
650 0 |a Computer vision  |v Congresses.  |0 http://id.loc.gov/authorities/subjects/sh2008101162 
650 0 |a Image processing  |v Congresses.  |0 http://id.loc.gov/authorities/subjects/sh2008104259 
650 0 |a Optical pattern recognition  |v Congresses.  |0 http://id.loc.gov/authorities/subjects/sh2008108668 
655 7 |a Electronic books.  |2 local 
700 1 |a Araujo, Helder.  |0 http://id.loc.gov/authorities/names/no2009120444 
710 2 |a SpringerLink (Online service)  |0 http://id.loc.gov/authorities/names/no2005046756 
776 1 |c Original  |z 9783642021718  |z 3642021719  |w (OCoLC)401151105 
830 0 |a Lecture notes in computer science ;  |v 5524.  |0 http://id.loc.gov/authorities/names/n42015162 
856 4 0 |u http://proxy.library.tamu.edu/login?url=https://dx.doi.org/10.1007/978-3-642-02172-5  |z Connect to the full text of this electronic book  |t 0 
994 |a 92  |b TXA 
999 |a MARS 
999 f f |s 9487d44a-7dba-34f8-b3e5-afb37ece024c  |i af75a7ed-b9f6-3dde-b093-b51e4e49aa60  |t 0 
952 f f |a Texas A&M University  |b College Station  |c Electronic Resources  |d Available Online  |t 0  |e TA1650 .I27 2009  |h Library of Congress classification 
998 f f |a TA1650 .I27 2009  |t 0  |l Available Online